Cinemas of the global south (Record no. 28173)

MARC details
000 -LEADER
fixed length control field 00596nam a2200181Ia 4500
020 ## - INTERNATIONAL STANDARD BOOK NUMBER
ISBN 9781032727479
050 ## - CALL MARK
Classification number PN 1993.5 .D44 .C56/
100 ## - STATEMENT OF RESPONSIBILITY--MAIN AUTHOR NAME
Personal name Edited by Dilip M Menon and Amir Taha.
245 #0 - TITLE STATEMENT
Title Cinemas of the global south
260 ## - PUBLICATION, DISTRIBUTION, ETC. (IMPRINT)
Place of publication Abingdon, Oxon
260 ## - PUBLICATION, DISTRIBUTION, ETC. (IMPRINT)
Name of publisher Routledge
260 ## - PUBLICATION, DISTRIBUTION, ETC. (IMPRINT)
Year of publication 2024
300 ## - PHYSICAL DESCRIPTION
Number of Pages xi, 231p. ill.
650 ## - SUBJECT ADDED ENTRY--TOPICAL TERM
Topical Term Motion pictures--Developing countries Motion picture industry--Developing countries Film criticism--Developing countries Motion pictures--Aesthetics
942 ## - ADDED ENTRY ELEMENTS (KOHA)
Koha item type Books
Holdings
Withdrawn status Lost status Source of classification or shelving scheme Damaged status Not for loan Permanent Location Current Location Shelving location Date acquired Accession Number Price effective from Koha item type
    Library of Congress Classification     NILE UNIVERSITY OF NIGERIA - MAIN LIBRARY NILE UNIVERSITY OF NIGERIA - MAIN LIBRARY Items on shelf 04/23/2025 0198095 04/23/2025 Books